000
00285nam a2200121Ia 4500
005
20251222154313.0
008
251222s9999||||xx |||||||||||||| ||spa||
020
_a
84-7615-960-9
082
_a
580/L99
100
_a
"Léttge, U.Kluge, M.Bauer, G."
245
0
_a
Botúnica
942
_c
LIB
999
_c
33491
_d
33491